| 000 | 01072nab a22002417a 4500 | ||
|---|---|---|---|
| 999 |
_c5940 _d5940 |
||
| 003 | OSt | ||
| 005 | 20260114013426.0 | ||
| 008 | 190605e xxu||||| |||| 00| 0 spa d | ||
| 040 | _cPJ | ||
| 100 |
_94563 _aPose, Lucía Verónica |
||
| 245 | 1 | 3 |
_aEl derecho del trabajador a expresar su opinión gremial / _cLucía Verónica Pose. |
| 260 |
_aCiudad Autónoma de Buenos Aires : _bThomson Reuters La Ley, _c2024. |
||
| 300 | _ap. 125-126 | ||
| 500 | _aCita: TR LALEY AR/DOC/266/2024. | ||
| 505 | _aFallo comentado: SC Mendoza, sala II ~ 30/08/2023 ~ Concha, Francisco Javier c. Bodega Argento S.A. s/ despido s/ recurso extraordinario provincial. | ||
| 505 | _t¿Te interesa el texto completo? Solicitalo al correo: koha@justierradelfuego.gov.ar | ||
| 650 | 0 |
_91316 _aDERECHO LABORAL |
|
| 650 | 0 |
_91323 _aCONTRATO DE TRABAJO |
|
| 650 | 0 |
_91318 _aREMUNERACION |
|
| 650 | 0 |
_93273 _aMEDICINA PREPAGA |
|
| 773 | 0 |
_02711 _93168 _dCiudad Autónoma de Buenos Aires : Thomson Reuters La Ley, 1999-2002. _tRevista de derecho del trabajo. Nº 2 - Marzo 2024 |
|
| 942 |
_2udc _cANA |
||